[Event "Oslo GM Open"]
[Site "Oslo NOR"]
[Date "2011.10.07"]
[Round "7.16"]
[White "Aguera Naredo,J"]
[Black "Spirin,O"]
[Result "1-0"]
[WhiteElo "2345"]
[BlackElo "2493"]

1.e4 d5 2.exd5 Qxd5 3.Nc3 Qd6 4.d4 Nf6 5.Nf3 c6 6.Ne5 Nbd7 7.Nc4 Qc7 8.g3 Nb6
9.Ne5 g6 10.Bg2 Bg7 11.Bf4 Qd8 12.O-O O-O 13.Re1 Be6 14.Qd2 Re8 15.Rad1 Rc8
16.Ne4 Nxe4 17.Bxe4 Bd5 18.Bh6 Bh8 19.Qf4 Qd6 20.Bd3 Bxe5 21.dxe5 Qe6 22.g4 Kh8
23.b3 c5 24.c4 Bc6 25.f3 f6 26.exf6 Qxf6 27.Kg2 Qxf4 28.Bxf4 Kg8 29.Kg3 Kf7
30.h4 Nd7 31.Bc1 Rcd8 32.Bb2 Nf8 33.f4 e6 34.Bc2 Rxd1 35.Rxd1 Re7 36.Be5 Nd7
37.Bd6 Re8 38.g5 b6 39.h5 b5 40.cxb5 Bxb5 41.Rh1 Rg8 42.hxg6+ hxg6 43.Rh7+ Rg7
44.Rh8 Rg8 45.Rxg8 Kxg8 46.Bxg6 c4 47.Be8 cxb3 48.axb3 a6 49.g6 Kg7 50.Kh4 Nf6
51.Bf7 Be8 52.Bxe6 Ne4 53.Be5+ Kxg6 54.f5+ Kh6 55.Bd5 Nc5 56.Bd4 Nd7 57.Bc4 Nb8
58.Be5 Nc6 59.Bd6 Nd4 60.Bf8+ Kh7 61.Kg5 Bd7 62.Bc5 Nf3+ 63.Kf4 Nd2 64.f6 Nxc4
65.f7  1-0

[Event "TCh-MNE 1st League"]
[Site "Tivat MNE"]
[Date "2011.10.08"]
[Round "1.4"]
[White "Lekic,L"]
[Black "Vulevic,V"]
[Result "0-1"]
[WhiteElo "1935"]
[BlackElo "2321"]

1.e4 d5 2.exd5 Qxd5 3.Nc3 Qd6 4.d4 Nf6 5.Nf3 g6 6.Ne5 Bg7 7.Bc4 O-O 8.Bf4 Qd8
9.Qd2 c6 10.O-O-O b5 11.Be2 Be6 12.h4 Qa5 13.h5 b4 14.Nb1 Qxa2 15.hxg6 fxg6
16.Bh6 Bxh6 17.Qxh6 b3 18.c3 Nbd7 19.g4 Rf7 20.Nxf7 Bxf7 21.g5 Nh5 22.Bd3 Nf8
23.Rh4 Ng7 24.Re1 e6 25.Rh3 Nf5 26.Bxf5 exf5 27.Rhe3 a5 28.Re7 a4 29.R1e2 Qa1
30.Rc7 Qa2 31.Rce7 c5 32.dxc5 Rd8 33.Qh1 Bc4 34.Rd2 Rxd2 35.Nxd2 a3 36.Rg7+ Kxg7
37.Qb7+ Bf7  0-1

[Event "TCh-MNE 1st League"]
[Site "Tivat MNE"]
[Date "2011.10.08"]
[Round "6.4"]
[White "Ivanovic,B"]
[Black "Bogosavljevic,B"]
[Result "0-1"]
[WhiteElo "2418"]
[BlackElo "2541"]

1.e4 d5 2.exd5 Qxd5 3.Nc3 Qd6 4.g3 g6 5.Bg2 Bg7 6.Nf3 Nf6 7.O-O O-O 8.d4 c6
9.Re1 Na6 10.Bf4 Qd8 11.Qd2 Re8 12.a3 Nc7 13.Bh6 Bh8 14.h3 Ncd5 15.Na4 Nb6
16.Nxb6 axb6 17.Rad1 b5 18.Re2 Qd5 19.Ng5 Qa2 20.c3 Bd7 21.Rde1 e6 22.Qf4 Rac8
23.g4 Re7 24.Qd6 Rce8 25.Nf3 Bc8 26.Bg5 Bg7 27.Qf4 Nd5 28.Qc1 Rd7 29.Ne5 Rc7
30.Nd3 Qc4 31.Nc5 b6 32.Ne4 Qa4 33.Bh6 Bh8 34.Nd2 Qa8 35.Nf3 Bb7 36.Ng5 c5
37.dxc5 bxc5 38.Ne4 Qd8 39.Bg5 f6 40.Bh4 c4 41.f4 Bc6 42.Bf2 e5 43.fxe5 fxe5
44.Rd1 Nf4 45.Re3 Qa8 46.Bh1 Nxh3+ 47.Rxh3 Bxe4 48.Qd2 Bxh1 49.Rxh1 Rf7 50.Rh2 e4
51.Be3 Be5 52.Rf2 Qc8 53.Rg2 Qe6 54.Bh6 Bc7 55.Re1 Rf3 56.Be3 Rd8 57.Bd4 Bb6
58.Qe2 Rxd4 59.cxd4 Bxd4+ 60.Kh1 Qe5 61.Rf1 Qf6 62.Rxf3 exf3 63.Qe8+ Kg7
64.Qd7+ Kf8 65.Qc8+ Ke7 66.Qc7+ Ke6 67.Qc6+ Ke5 68.Qxf6+ Kxf6 69.Rd2 Ke5  0-1

[Event "Lichtenrader Autumn"]
[Site "Berlin GER"]
[Date "2011.10.09"]
[Round "2.19"]
[White "Merz,Ru"]
[Black "Schnabel,R"]
[Result "0-1"]
[WhiteElo "1919"]
[BlackElo "2241"]

1.e4 d5 2.exd5 Qxd5 3.Nc3 Qd6 4.d4 c6 5.g3 Nf6 6.Bf4 Qd8 7.Bg2 Bf5 8.Nf3 e6
9.O-O Be7 10.a3 O-O 11.Nh4 Bg4 12.f3 Bh5 13.g4 Nd5 14.Nxd5 cxd5 15.Nf5 exf5
16.gxh5 Nc6 17.Qd2 Bf6 18.c3 Re8 19.Bh3 g6 20.Qg2 Qd7 21.Kh1 Kh8 22.hxg6 hxg6
23.Qd2 Na5 24.Rae1 Nc4 25.Qc1 Kg7 26.Bh6+ Kh7 27.Bf4 b5 28.Bg2 Rac8 29.Qb1 a6
30.b3 Nxa3 31.Qa2 b4 32.Rxe8 Qxe8 33.cxb4 Rc2 34.Qxa3 Qe2 35.Rg1 Bxd4 36.Qc1 Rxc1
37.Rxc1 Be3 38.Bxe3 Qxe3 39.Rf1 f4 40.h3 Qxb3 41.Ra1 Qxb4 42.Rxa6 Kg7 43.Ra1 Qb3
44.Kg1 Qe3+ 45.Kh2 d4 46.Rd1 d3 47.h4 Qe2 48.Rh1 d2 49.Kh3 Qf2 50.Kh2 Qxh4+
51.Kg1 d1=Q+ 52.Bf1 Qd4+ 53.Kg2 Qdf2+  0-1

[Event "TCh-ROU Superliga 2011"]
[Site "Brasov ROU"]
[Date "2011.10.09"]
[Round "2.3"]
[White "Bach,Ad"]
[Black "Spulber,C"]
[Result "1/2-1/2"]
[WhiteElo "2270"]
[BlackElo "2239"]

1.e4 d5 2.exd5 Qxd5 3.Nc3 Qd6 4.d4 Nf6 5.Nf3 Bg4 6.h3 Bxf3 7.Qxf3 c6 8.Be3 e6
9.O-O-O Qc7 10.Bf4 Bd6 11.Bxd6 Qxd6 12.Kb1 Nbd7 13.Bc4 O-O-O  1/2-1/2

[Event "TCh-ISL Div1 2011-12"]
[Site "Reykjavik ISL"]
[Date "2011.10.09"]
[Round "4.1"]
[White "Lagerman,R"]
[Black "Ornolfsson,M"]
[Result "0-1"]
[WhiteElo "2325"]
[BlackElo "2170"]

1.e4 d5 2.exd5 Qxd5 3.Nc3 Qd8 4.d4 Nf6 5.Bc4 g6 6.Nf3 Bg7 7.O-O O-O 8.h3 Nbd7
9.Re1 Nb6 10.Bb3 c6 11.Qe2 Re8 12.Ne5 Nfd5 13.Ne4 e6 14.c4 Nf6 15.Qf3 Nxe4
16.Qxf7+ Kh8 17.Rxe4 Rf8 18.Bg5 Bxe5 19.dxe5 Rxf7 20.Bxd8 Bd7 21.Bf6+ Kg8
22.Rd1 c5 23.Re3 Bc6 24.f3 Rd7 25.Rxd7 Nxd7 26.Be7 Kf7 27.Bd6 Rd8 28.Bc2 b6
29.a3 Nf6 30.b4 cxb4 31.axb4 Ne8 32.c5 Nxd6 33.exd6 a5 34.Bb3 axb4 35.Bxe6+ Kf6
36.cxb6 Rxd6 37.Bc8 Bd5 38.Rd3 Ke5 39.b7 Rb6 40.f4+ Ke4 41.Rd1 Bxb7 42.Bg4 Kxf4
43.Kf2 b3 44.g3+ Ke5 45.Be2 Be4 46.Re1 Kd4 47.Rd1+ Kc3 48.Ke3 Bc2  0-1

[Event "II Oliver Gonzalez Memorial"]
[Site "Madrid ESP"]
[Date "2011.10.10"]
[Round "3.58"]
[White "Sierra Bermejo,G"]
[Black "Farre Selma,David"]
[Result "0-1"]
[WhiteElo "1691"]
[BlackElo "1841"]

1.e4 d5 2.exd5 Qxd5 3.Nc3 Qd8 4.d4 c6 5.Bc4 Nf6 6.Bg5 Bf5 7.Nf3 e6 8.O-O Bg4
9.Be2 Be7 10.Re1 O-O 11.Ne5 Bxe2 12.Nxe2 Nbd7 13.Nxd7 Nxd7 14.Bxe7 Qxe7 15.c3 Nf6
16.Ng3 Rad8 17.Qa4 b5 18.Qa6 Qc7 19.Qa3 a5 20.Qb3 a4 21.Qc2 c5 22.dxc5 Qxc5
23.Re2 Rd5 24.Rae1 Rfd8 25.h3 Rd3 26.Kh1 a3 27.Rc1 axb2 28.Qxb2 Rd1+ 29.Rxd1 Rxd1+
30.Kh2 Qg5 31.f4 Ng4+  0-1

[Event "11th Winterthur Open"]
[Site "Winterthur SUI"]
[Date "2011.10.10"]
[Round "3"]
[White "Buchaeckert,J"]
[Black "Turcan,Milan"]
[Result "0-1"]
[WhiteElo "2007"]
[BlackElo "2095"]

1.e4 d5 2.exd5 Qxd5 3.Nc3 Qd6 4.d4 Nf6 5.Bc4 g6 6.Nge2 Bg7 7.Bf4 Qd8 8.O-O O-O
9.d5 a6 10.a4 Nbd7 11.a5 Nh5 12.Bg5 Ne5 13.Bb3 h6 14.Be3 Ng4 15.Bd4 Qd6 16.g3 Nhf6
17.Nf4 c5 18.dxc6 e5 19.Nxg6 exd4 20.Nxf8 Bxf8 21.Ne2 Ne5 22.Nxd4 Qxd4 23.Qc1 Bh3
24.Ra4 Nf3+ 25.Kh1 Qd6 26.Rd1 Qxc6 27.Rc4 Ng4 28.Rxg4+ Bxg4 29.Qf4 Nd4+  0-1

[Event "TCh-ROU Superliga 2011"]
[Site "Brasov ROU"]
[Date "2011.10.11"]
[Round "4.4"]
[White "Ionescu,D"]
[Black "Spulber,C"]
[Result "1/2-1/2"]
[WhiteElo "2368"]
[BlackElo "2239"]

1.e4 d5 2.exd5 Qxd5 3.Nc3 Qd6 4.g3 Nf6 5.Bg2 c6 6.Nge2 Bf5 7.O-O e6 8.d4 Qc7
9.h3 Bd6 10.a4 a5 11.g4 Bg6 12.f4 Na6 13.Bd2 Nb4 14.Rc1 O-O-O 15.Be1 Rd7
16.Bg3 h5 17.g5 Nfd5 18.Qd2 h4 19.Bh2 f6 20.gxf6 Nxf6 21.Kh1 Bf5 22.Rfe1 Nbd5
23.Rf1  1/2-1/2

[Event "49th ch-IND NatA"]
[Site "Aurangabad IND"]
[Date "2011.10.15"]
[Round "7"]
[White "Konguvel,P"]
[Black "Suvrajit,S"]
[Result "1-0"]
[WhiteElo "2384"]
[BlackElo "2384"]

1.e4 d5 2.exd5 Qxd5 3.Nc3 Qd6 4.d4 Nf6 5.Nf3 c6 6.Ne5 Nbd7 7.f4 Nb6 8.g4 g6
9.Bg2 h5 10.g5 Ng4 11.Ne4 Qc7 12.Nd3 Nc4 13.Qe2 Bg7 14.c3 O-O 15.h3 e5 16.fxe5 Ngxe5
17.dxe5 Nxe5 18.Nxe5 Bxe5 19.O-O Be6 20.Nf6+ Kg7 21.Be3 Rfd8 22.a4 b6 23.Qf3 Bc4
24.Rf2 Bg3 25.Bd4 Kf8 26.Nh7+ Kg8 27.Nf6+ Kf8 28.Nh7+ Kg8 29.Qf6 Rxd4 30.Qxd4 Bxf2+
31.Kxf2 Kxh7 32.Qxc4 Rd8 33.Kg1 Qe7 34.Rf1 Qe3+ 35.Kh1 Qxg5 36.Qxf7+ Kh6
37.Bxc6  1-0

[Event "TCh-AUT 2 Ost 2011-12"]
[Site "Bruck AUT"]
[Date "2011.10.15"]
[Round "1"]
[White "Kopinits,A"]
[Black "Bachofner,A"]
[Result "0-1"]
[WhiteElo "2276"]
[BlackElo "2199"]

1.e4 d5 2.exd5 Qxd5 3.Nc3 Qd8 4.d4 Nf6 5.Nf3 a6 6.Ne5 e6 7.Bg5 Be7 8.Be2 Nbd7
9.O-O O-O 10.Bf3 c6 11.Re1 Re8 12.Ne2 Qa5 13.Ng3 h6 14.Bf4 c5 15.dxc5 Qxc5
16.Nd3 Qb6 17.a3 Nc5 18.Be3 Qc7 19.Nxc5 Bxc5 20.Bxc5 Qxc5 21.Qd3 Rb8 22.c4 Bd7
23.b4 Qc7 24.Rad1 Ba4 25.Rc1 Red8 26.Qe3 Bc6 27.Bxc6 Qxc6 28.Ne2 Rd7 29.Nd4 Qc7
30.Nb3 Rbd8 31.Qe5 Qxe5 32.Rxe5 b6 33.f3 Rd3 34.Rb1 Rc3 35.c5 Nd7 36.Re2 bxc5
37.Rd2 cxb4 38.axb4 Rb8 39.Rxd7 Rxb4 40.Ra7 Rcxb3 41.Rxb3 Rxb3 42.Rxa6 Rb2
43.Ra4 g6 44.h4 Kg7 45.Kh2 Re2 46.Kg3 Kf6 47.Rf4+ Ke7 48.Ra4 f5 49.Ra7+ Kf6
50.Ra6 Rb2 51.Rc6 Rb4 52.Ra6 g5 53.hxg5+ hxg5 54.Ra2 Rb3 55.Kf2 g4 56.Ra8 f4
57.fxg4 Rg3 58.Rf8+ Ke5 59.Ra8 Rxg4 60.Ra5+ Ke4 61.Ra4+ Kf5 62.Ra3 Rg8 63.Rb3 e5
64.Rb7 Ra8 65.Rb5 Ra4 66.Rb8 Ke4 67.Rb2 Ra3 68.Re2+ Kd4 69.Rd2+ Rd3 70.Ra2 e4
71.Ra4+ Ke5 72.Ra5+ Rd5 73.Ra2 Kf5 74.Ra8 Rd2+ 75.Kf1 Ke5 76.Ra4 Rb2 77.Rc4 Kd5
78.Ra4 Rc2 79.Rb4 Rc4 80.Rb2 Kd4 81.Ke2 Ra4 82.Rc2 Ra3 83.Kf2 Kd3 84.Rb2 Rc3
85.Rb8 Rc2+ 86.Kf1 Ra2 87.Rb3+ Kd2 88.g4 Ra1+ 89.Kg2 e3 90.Rb2+ Kc3 91.Rb8 e2
92.Rc8+ Kd4 93.Rd8+ Kc5  0-1

[Event "Chigorin Memorial Open"]
[Site "St Petersburg RUS"]
[Date "2011.10.15"]
[Round "2.52"]
[White "Hamitevici,V"]
[Black "Kharchenko,Da"]
[Result "1-0"]
[WhiteElo "2438"]
[BlackElo "2016"]

1.e4 d5 2.exd5 Qxd5 3.Nc3 Qd6 4.d4 Nf6 5.Nf3 a6 6.Ne5 Nc6 7.Nxc6 Qxc6 8.d5 Qd6
9.Qd4 e5 10.Qa4+ Bd7 11.Qb3 O-O-O 12.Bg5 Bf5 13.O-O-O h6 14.Bh4 g5 15.Bg3 Ne4
16.f3 Nc5 17.Qc4 Bg6 18.Re1 Bg7 19.Bf2 Nd7 20.Ne4 Bxe4 21.fxe4 f5 22.exf5 Nf6
23.Rd1 Nxd5 24.Bd3 Qb4 25.Qxb4 Nxb4 26.Bc4 Nc6 27.c3 h5 28.Bd5 Kb8 29.Bc5 Bf8
30.Bxf8 Rhxf8 31.Bxc6 Rxd1+ 32.Kxd1 bxc6 33.Rf1 Kc8 34.Ke2 Kd7 35.Ke3 Ke7
36.Ke4 Rd8 37.f6+ Kf7 38.Rf2 Rd5 39.b3 g4 40.c4 Rd1 41.Kxe5 Rd6 42.g3 Rd1
43.Kf5 Re1 44.Rd2 Rf1+ 45.Kg5  1-0

[Event "Indonesia Open"]
[Site "Jakarta INA"]
[Date "2011.10.17"]
[Round "6.15"]
[White "Sonjaya,D"]
[Black "Bitoon,R"]
[Result "0-1"]
[WhiteElo "2313"]
[BlackElo "2504"]

1.e4 d5 2.exd5 Qxd5 3.Nc3 Qd6 4.d4 Nf6 5.Nf3 g6 6.Be2 Nc6 7.a3 e6 8.Bg5 Be7
9.Qd2 b5 10.Bxf6 Bxf6 11.Ne4 Qd8 12.Nxf6+ Qxf6 13.Bd3 Bb7 14.Be4 O-O-O 15.c3 e5
16.Bxc6 Qxc6 17.Nxe5 Rhe8 18.Qe2 Qxg2 19.O-O-O Qg5+ 20.f4 Qxf4+ 21.Kb1 Qf5+
22.Ka1 f6  0-1

[Event "Chigorin Memorial Open"]
[Site "St Petersburg RUS"]
[Date "2011.10.18"]
[Round "5.44"]
[White "Chigaev,M"]
[Black "Rozum,I"]
[Result "1/2-1/2"]
[WhiteElo "2289"]
[BlackElo "2481"]

1.e4 d5 2.exd5 Qxd5 3.Nc3 Qd8 4.d4 c6 5.Nf3 Bf5 6.Bc4 e6 7.h3 Nf6 8.O-O Nbd7
9.Re1 Be7 10.Nh4 Bg6 11.Nxg6 hxg6 12.Ne4 Nxe4 13.Rxe4 Nf6 14.Re1 Nd5 15.c3 Kf8
16.Qf3 Kg8 17.Bd2 Bg5 18.Bxg5 Qxg5 19.Re5 Qd2 20.Re2 Qg5 21.Re5 Qd2 22.Re2 Qg5
23.Re5 Qd2  1/2-1/2

[Event "Chigorin Memorial Open"]
[Site "St Petersburg RUS"]
[Date "2011.10.20"]
[Round "7.24"]
[White "Kovalev,Vl"]
[Black "Kovalenko,I"]
[Result "0-1"]
[WhiteElo "2452"]
[BlackElo "2578"]

1.e4 d5 2.exd5 Qxd5 3.Nc3 Qd6 4.d4 Nf6 5.Nf3 Bg4 6.h3 Bh5 7.g4 Bg6 8.Ne5 Nbd7
9.Nb5 Qb6 10.Nc4 Qe6+ 11.Ne3 Qb6 12.a4 e6 13.Bg2 Be4 14.f3 Bg6 15.O-O Bb4
16.Bd2 Bxd2 17.Qxd2 O-O 18.c4 c5 19.a5 Qc6 20.Rfd1 a6 21.Nc3 cxd4 22.Qxd4 e5
23.Qd6 Qc5 24.Kf2 Rad8 25.b4 Qc8 26.Qd2 Kh8 27.Qb2 Qb8 28.Ncd5 e4 29.f4 Nxd5
30.Nxd5 f5 31.Kg3 fxg4 32.hxg4 Bf7 33.Qf2 Bxd5 34.Rxd5 Nf6 35.Rxd8 Rxd8 36.Re1 Rd3+
37.Re3 Qc8 38.Rxd3 Qxg4+ 39.Kh2 exd3 40.Qd4 Qh4+ 41.Bh3 Nh5 42.Qxd3 Qf2+  0-1

[Event "TCh-AUT 2 Mitte 2011-12"]
[Site "St Valentin AUT"]
[Date "2011.10.21"]
[Round "1"]
[White "Sandner,W"]
[Black "Tober,G"]
[Result "0-1"]
[WhiteElo "2238"]
[BlackElo "2272"]

1.e4 d5 2.exd5 Qxd5 3.Nc3 Qd6 4.Nf3 Nf6 5.Be2 a6 6.d3 e6 7.Bg5 Be7 8.Nd2 Nc6
9.a3 Nd4 10.Bxf6 gxf6 11.Nce4 Qc6 12.c3 Nxe2 13.Qxe2 Bd7 14.O-O-O O-O-O 15.Nc4 Qd5
16.Ne3 Qc6 17.Nc4 Qa4 18.Qe3 Kb8 19.Nc5 Bxc5 20.Qxc5 Bb5 21.Qe7 Qb3 22.Qb4 Bxc4
23.dxc4 Qxb4 24.axb4 Kc8 25.f3 Rhg8 26.Rxd8+ Kxd8 27.Rd1+ Ke7 28.Rd2 f5 29.c5 e5
30.b3 h5 31.g3 h4 32.gxh4 Rh8 33.Rg2 Rxh4 34.Kd2 Rh3 35.Ke2 Ke6 36.c4 e4
37.Rg3 Rxh2+ 38.Ke3 Rb2 39.Rg8 Rxb3+ 40.Ke2 exf3+ 41.Kf2 Rxb4  0-1

[Event "33rd Arco Open"]
[Site "Arco ITA"]
[Date "2011.10.22"]
[Round "1"]
[White "Bisignano,G"]
[Black "Kasparov,S"]
[Result "0-1"]
[WhiteElo "1908"]
[BlackElo "2521"]

1.e4 d5 2.exd5 Qxd5 3.Nc3 Qd6 4.d4 Nf6 5.Nf3 c6 6.Bd3 Bg4 7.Ne4 Nxe4 8.Bxe4 Nd7
9.c3 e6 10.O-O Be7 11.Re1 O-O 12.h3 Bh5 13.g3 Nf6 14.Bf4 Qd8 15.Bd3 Qb6 16.Rb1 c5
17.g4 Bg6 18.Qe2 Bxd3 19.Qxd3 Rfd8 20.Be5 Nd7 21.Bg3 cxd4 22.Nxd4 Bf6 23.Qe3 Bxd4
24.cxd4 Nf6 25.Be5 Nd5 26.Qd2 Qb4 27.Qd3 Rac8 28.g5 Qc4 29.Qxc4 Rxc4 30.Rec1 Rdc8
31.Rxc4 Rxc4 32.Kg2 f6 33.gxf6 gxf6 34.Bd6 Kf7 35.Rd1 Rc2 36.Ba3 Ne3+  0-1

[Event "XXIX Balaton Open A"]
[Site "Heviz HUN"]
[Date "2011.10.22"]
[Round "5"]
[White "Grimm,D"]
[Black "Preisler,R"]
[Result "1/2-1/2"]
[WhiteElo "2054"]
[BlackElo "1818"]

1.e4 d5 2.exd5 Qxd5 3.Nc3 Qd6 4.d4 Nf6 5.Nf3 a6 6.Bd3 g6 7.O-O Bg7 8.h3 O-O
9.Re1 e6 10.a4 c5 11.dxc5 Qxc5 12.a5 Bd7 13.Ne5 Bc6 14.Nxc6 Nxc6 15.Be3 Qd6
16.Na4 Rfe8 17.Nb6 Rad8 18.Nc4 Qb8 19.Bc5 Rd5 20.Bb6 Nb4 21.Ra3 Rc8 22.Ne3 Bf8
23.Qd2 Nxd3 24.Rxd3 Rxd3 25.Qxd3 Bc5 26.Rd1 Bxe3 27.Bxe3 Nd5 28.Bd4 Nf4 29.Qe3 Nd5
30.Qd2 Qc7 31.c3 Qxa5  1/2-1/2

[Event "TCh-AUT 2 Mitte 2011-12"]
[Site "St Valentin AUT"]
[Date "2011.10.23"]
[Round "3"]
[White "Tober,G"]
[Black "Pfaffel,T"]
[Result "1-0"]
[WhiteElo "2272"]
[BlackElo "2199"]

1.e4 d5 2.exd5 Qxd5 3.Nc3 Qd6 4.d4 Nf6 5.Nf3 Bg4 6.h3 Bxf3 7.Qxf3 c6 8.Be3 e6
9.O-O-O Qc7 10.Kb1 Nbd7 11.g4 Bb4 12.Bd2 Qb6 13.g5 Nd5 14.Ne4 Bxd2 15.Rxd2 Qc7
16.c4 Qf4 17.Bg2 Qxf3 18.Bxf3 N5b6 19.Nd6+ Ke7 20.Nxb7 Nxc4 21.Rc2 Ndb6 22.Rhc1 Rab8
23.Nc5 Na5 24.Na6 Rbd8 25.Rc5 Nac4 26.R5xc4 Nxc4 27.Rxc4 Rd6 28.Nb4 Rc8 29.Nxc6+ Ke8
30.Kc2 f6 31.gxf6 gxf6 32.Kc3 Kd7 33.Nb4 Rg8 34.Nd3 Rg5 35.Nc5+ Ke8 36.Ne4  1-0

[Event "19th Skopje Open"]
[Site "Skopje MKD"]
[Date "2011.10.24"]
[Round "1"]
[White "Nedev,Tr"]
[Black "Ranic,Viktor"]
[Result "1-0"]
[WhiteElo "2493"]
[BlackElo "2003"]

1.e4 d5 2.exd5 Qxd5 3.Nc3 Qd6 4.d4 Nf6 5.Nf3 c6 6.Ne5 Nbd7 7.Nc4 Qc7 8.Qf3 Nb6
9.Ne5 Be6 10.Bd3 g6 11.Bf4 Qc8 12.a4 a5 13.Ne4 Nxe4 14.Qxe4 Bg7 15.O-O O-O
16.Rfe1 Nd5 17.Bd2 Bf5 18.Qf3 Bxd3 19.Qxd3 Rd8 20.Qb3 e6 21.c4 Ne7 22.Qf3 Rf8
23.Bc3 Qc7 24.Rad1 Rad8 25.h4 Nf5 26.h5 Ne7 27.Ng4 Nf5 28.Ne5 Ne7 29.Qf4 Rc8
30.hxg6 Nxg6 31.Nxg6 hxg6 32.Qxc7 Rxc7 33.Bxa5 Rd7 34.Bb6 Bf6 35.Re3 Kg7
36.Red3 Ra8 37.b3 Bd8 38.Bxd8 Raxd8 39.f4 Kf6 40.Kf2 g5 41.fxg5+ Kxg5 42.Ke3 Kf6
43.a5 Ke7 44.b4 Rg8 45.Kf3 Rg5 46.g3 Rd8 47.Ra1 Ra8 48.Re1 Rd8 49.Re4 Rdg8
50.Kf2 Rd8 51.Rf4 Rh8 52.Rdf3 Rf8 53.Ke3 Rg7 54.Rh4 Rfg8 55.Kf2 Rd8 56.Ra3 Ra8
57.Re4 Rg5 58.Rh4 Rf5+ 59.Ke2 Rg5 60.Rf3 Rg7 61.Kd3 Rag8 62.Rh3 Rd8 63.Kc3 Rdg8
64.Rd3 Rg5 65.Kb3 Rf5 66.Rh1 Rfg5 67.Rg1 Rd8 68.Re1 Rdg8 69.Ree3 Rd8 70.Kc3 Rc8
71.Re5 Rg4 72.b5 cxb5 73.Rxb5 Rc7 74.Kb4 Kd6 75.Rh5 Re4 76.Rh1 Re2 77.Kb3 Rf2
78.Ra1 Rc6 79.Ra4 Rf1 80.Kc2 Rf2+ 81.Kc3 Rf5 82.Kd2 Rf2+ 83.Ke3 Rc2 84.Rb4 Kc7
85.Rdb3 R2xc4 86.Rxb7+ Kd6 87.Rxf7 Ra4 88.Rbb7 Rc8 89.Rb6+ Kd5 90.Rd7+ Kc4
91.Rxe6 Ra3+ 92.Kf4 Rf8+ 93.Ke5 Rxa5+ 94.d5 Rg8 95.Rc6+ Kd3 96.Rb6 Rg5+ 97.Kf6 Rxg3
98.Rb3+  1-0

[Event "19th Skopje Open"]
[Site "Skopje MKD"]
[Date "2011.10.25"]
[Round "2"]
[White "Dinev,De"]
[Black "Milanovic,Da"]
[Result "0-1"]
[WhiteElo "2398"]
[BlackElo "2516"]

1.e4 d5 2.exd5 Qxd5 3.Nc3 Qd6 4.d4 Nf6 5.Bd3 Bg4 6.f3 Bh5 7.Nge2 e6 8.O-O Be7
9.Ne4 Qd8 10.c3 Nbd7 11.Qb3 Qc8 12.Bd2 O-O 13.Nf4 Bg6 14.Nxg6 hxg6 15.Rfe1 Rd8
16.Rad1 c5 17.Ng5 Nf8 18.Bc4 cxd4 19.Nxe6 b5 20.Nxd8 bxc4 21.Qb7 Bxd8 22.Qxc8 Rxc8
23.cxd4 Bb6 24.Be3 Nd5 25.Bf2 Nb4 26.Re2 Nd3 27.b3 Nxf2 28.Kxf2 c3 29.Rc2 Ne6
30.Kf1 Nxd4 31.Rcc1 c2 32.Rd3 f5 33.b4 Re8 34.a4 a6 35.a5 Ba7 36.Rxd4 Bxd4
37.Rxc2 Kf7 38.Rc4 Bf6 39.g4 Re6 40.h4 Be7 41.h5 gxh5 42.gxh5 Rh6  0-1

[Event "19th Skopje Open"]
[Site "Skopje MKD"]
[Date "2011.10.25"]
[Round "2"]
[White "Kacakovski,D"]
[Black "Stojanovski,D"]
[Result "0-1"]
[WhiteElo "2157"]
[BlackElo "2427"]

1.e4 d5 2.exd5 Qxd5 3.Nc3 Qd8 4.d4 Nf6 5.Bc4 a6 6.Nf3 b5 7.Bb3 c5 8.a4 c4
9.Ba2 Qb6 10.Ne5 e6 11.Be3 Bb7 12.axb5 axb5 13.O-O Bb4 14.d5 Qd6 15.Nxb5 Qxe5
16.Bd4 Qg5 17.Nc7+ Ke7 18.f4 Qf5 19.Nxa8 Qxd5 20.Bxf6+ gxf6 21.Qxd5 Bxd5
22.Nc7 Bc6 23.Bxc4 Bc5+ 24.Rf2 Rc8 25.Na6 Bxf2+ 26.Kxf2 Bb7 27.Nxb8 Rxc4
28.Ra7 Rxc2+ 29.Ke3 Rxb2 30.Nc6+ Ke8 31.Nd4 Bxg2 32.h4 Bd5 33.Ra5 Rh2 34.Nf5 Bh1
35.Nd6+ Ke7 36.Nc8+ Kd7 37.Nb6+ Kc6 38.Nc8 Rh3+ 39.Kf2 Be4 40.Rh5 Rf3+ 41.Ke2 Rxf4
42.Ke3 e5 43.Ne7+ Kd6  0-1

[Event "6th Kavalier Open"]
[Site "Vienna AUT"]
[Date "2011.10.25"]
[Round "2"]
[White "Sauper,D"]
[Black "Steinert,Mart"]
[Result "1/2-1/2"]
[WhiteElo "1926"]
[BlackElo "2075"]

1.e4 d5 2.exd5 Qxd5 3.Nc3 Qd6 4.d4 Nf6 5.Nf3 Nc6 6.Bc4 Bg4 7.Be3 a6 8.h3 Bh5
9.g4 Bg6 10.Qd2 Ne4 11.Qe2 Nxc3 12.bxc3 e6 13.Rb1 b5 14.Bd3 Be7 15.Nd2 Qd5
16.Qf3 Na5 17.Ke2 c6 18.h4 h5 19.Bxg6 fxg6 20.g5 Rc8 21.Qe4 Qf5 22.Bf4 Rf8
23.Qxf5 Rxf5 24.Be5 c5 25.Bxg7 cxd4 26.Bxd4 e5 27.Bb6 Nc4 28.Nxc4 Rxc4 29.Be3 Rxc3
30.Kd2 Rc4 31.c3 Kd7 32.Kc2 Kc6 33.Rbd1 b4 34.Rd3 e4 35.Rd4 Rxc3+ 36.Kb2 Re5
37.Bf4 Re6 38.Re1 Rf3 39.Rc1+ Kb5 40.Rd5+ Ka4 41.Be3 Rf5 42.Rd7 Rb5 43.Ra7 Rd5
44.Rcc7 Bd8 45.Rd7 Rxd7 46.Rxd7 Be7 47.Rd5 Bf8 48.Rd7 Kb5 49.Rd5+ Kc6 50.Ra5 Kb7
51.Rd5 Bd6 52.Kb3 Be7 53.Kc4 Bd6 54.Bc5 Bxc5 55.Kxc5 Rc6+ 56.Kxb4 Rc2 57.Rd6 Rxa2
58.Rxg6 Rxf2 59.Rh6 e3 60.Kc3 a5 61.Rxh5 a4 62.g6 Rg2 63.Re5 Rxg6 64.Rxe3 Rg4
65.Kb2 Rxh4 66.Ka3 Kc6 67.Re5  1/2-1/2

[Event "33rd Arco Open"]
[Site "Arco ITA"]
[Date "2011.10.27"]
[Round "6"]
[White "Cavatorta,I"]
[Black "Joerges,F"]
[Result "0-1"]
[WhiteElo "1808"]
[BlackElo "1923"]

1.e4 d5 2.exd5 Qxd5 3.Nc3 Qd6 4.d4 Nf6 5.Nf3 a6 6.a4 Bg4 7.Be2 e6 8.O-O Nc6
9.Be3 Be7 10.Qd2 O-O 11.Rad1 Rad8 12.Qc1 Qb4 13.b3 Bxf3 14.Na2 Bxe2 15.Nxb4 Bxb4
16.c3 Bd6 17.Rfe1 Bxd1 18.Qxd1 Nd5 19.c4 Nxe3 20.fxe3 e5 21.d5 Ne7 22.Rf1 e4
23.Qd4 f5 24.c5 Bxh2+ 25.Kxh2 Nxd5 26.g4 Nf6 27.Qc4+ Kh8 28.Qe6 Nxg4+ 29.Kg3 Nxe3
30.Rh1 Ng4 31.Qg6 h6 32.Kg2 Rf6 33.Qg5 Rd3  0-1

[Event "33rd Arco Open"]
[Site "Arco ITA"]
[Date "2011.10.27"]
[Round "6"]
[White "Bergen,K"]
[Black "Gardini,E"]
[Result "1/2-1/2"]
[WhiteElo "1954"]
[BlackElo "1822"]

1.e4 d5 2.exd5 Qxd5 3.Nc3 Qd6 4.d4 Nf6 5.Nf3 Bg4 6.Be2 e6 7.Be3 Be7 8.O-O c6
9.Qd2 O-O 10.h3 Bxf3 11.Bxf3 Nd5 12.Ne4 Qd8 13.c4 Nxe3 14.Qxe3 Nd7 15.Rad1 Qc7
16.a3 a5 17.Nc3 Nb6 18.Qe2  1/2-1/2

[Event "12th Liberec Open"]
[Site "Liberec CZE"]
[Date "2011.10.27"]
[Round "6"]
[White "Vlasak,Lu"]
[Black "Karhanek,P"]
[Result "1/2-1/2"]
[WhiteElo "2319"]
[BlackElo "2155"]

1.e4 d5 2.exd5 Qxd5 3.Nc3 Qd6 4.d4 Nf6 5.Nf3 a6 6.Bc4 Bf5 7.O-O e6 8.Re1 Be7
9.d5 b5 10.Bb3 b4 11.dxe6 bxc3 12.exf7+ Kf8 13.Nd4 Bg4 14.f3 c5 15.fxg4 Qxd4+
16.Qxd4 cxd4 17.bxc3 Nc6 18.cxd4 Bb4 19.Rf1 Rd8 20.Bb2 Nxg4 21.c3 Bd6 22.h3 Nf6
23.Rfe1 h5 24.Re2 Ne7 25.Rf1 Rh6 26.Bc1 Rg6 27.Re6 Nd7 28.Rxg6 Nxg6 29.Rf5 Nf6
30.Bg5 Be7  1/2-1/2

[Event "12th Liberec Open"]
[Site "Liberec CZE"]
[Date "2011.10.27"]
[Round "6"]
[White "Svetinsky,Vladimir"]
[Black "Voith,W"]
[Result "1-0"]
[WhiteElo "1391"]
[BlackElo "1786"]

1.e4 d5 2.exd5 Qxd5 3.Nc3 Qd6 4.d4 a6 5.Nf3 Nf6 6.a3 Nbd7 7.Bc4 h6 8.O-O b5
9.Ba2 e6 10.Re1 Nb6 11.Ne4 Nxe4 12.Rxe4 Nd5 13.c4 bxc4 14.Bxc4 Bb7 15.Re1 Be7
16.Ne5 O-O 17.Qb3 Rab8 18.Qh3 Bg5 19.Bxg5 hxg5 20.Bd3 Nf4 21.Qh7+  1-0

[Event "6th Kavalier Open"]
[Site "Vienna AUT"]
[Date "2011.10.27"]
[Round "4"]
[White "Somasundram,J"]
[Black "Steinert,Mart"]
[Result "1-0"]
[WhiteElo "1959"]
[BlackElo "2075"]

1.e4 d5 2.exd5 Qxd5 3.Nc3 Qd6 4.d4 Nf6 5.Nge2 Bf5 6.d5 e6 7.Bf4 e5 8.Be3 a6
9.Ng3 Bg6 10.Bd3 Nbd7 11.Qf3 Bxd3 12.cxd3 O-O-O 13.O-O-O Qb4 14.Nge4 Qa5
15.Nd2 Nb6 16.Bxb6 Qxb6 17.Nc4 Qd4 18.Qf5+ Kb8 19.Nxe5 Nxd5 20.Ne2 Qc5+ 21.Kb1 Nb4
22.Rc1 Qd5 23.Nc3 Qa5 24.Nd7+ Rxd7 25.Qxa5 Rxd3 26.Qf5 Rd2 27.Ne4 Re2 28.Qf3  1-0

[Event "33rd Arco Open"]
[Site "Arco ITA"]
[Date "2011.10.28"]
[Round "7"]
[White "Burani,E"]
[Black "Riepma,Henk"]
[Result "0-1"]
[WhiteElo "1932"]
[BlackElo "2073"]

1.e4 d5 2.exd5 Qxd5 3.Nc3 Qd6 4.d4 Nf6 5.Nf3 a6 6.Bc4 e6 7.O-O b5 8.Bd3 Bb7
9.Re1 Nbd7 10.Ne4 Nxe4 11.Bxe4 Bd5 12.Qd3 Be7 13.g3 Rc8 14.Bf4 Qc6 15.Bxd5 Qxd5
16.b3 O-O 17.c4 bxc4 18.bxc4 Qa5 19.d5 Nc5 20.Qd4 Rcd8 21.Bd2 Qa4 22.Qg4 Bf6
23.Bg5 Bxg5 24.Qxg5 Qxc4 25.dxe6 Nxe6 26.Qe5 Qd5 27.Qc3 c5 28.Ne5 f6 29.Nc4 Nd4
30.f4 Nf3+  0-1

[Event "33rd Arco Open"]
[Site "Arco ITA"]
[Date "2011.10.28"]
[Round "7"]
[White "Paehtz,T sr"]
[Black "Kasparov,S"]
[Result "1/2-1/2"]
[WhiteElo "2437"]
[BlackElo "2521"]

1.e4 d5 2.exd5 Qxd5 3.Nc3 Qd6 4.d4 Nf6 5.Nf3 c6 6.Ne5 Nbd7 7.Nc4 Qc7 8.Qf3 Nb6
9.Ne5 Be6 10.Bf4 Qd8 11.O-O-O g6 12.h3 Bg7 13.Ng4 Nxg4 14.hxg4 Nd5 15.Nxd5 Qxd5
16.Qxd5 Bxd5 17.f3 Rd8 18.Bh6 O-O 19.Bxg7 Kxg7 20.a3 f6 21.Bd3 Rd7 22.Rd2 Rfd8
23.Rhd1 Rh8 24.Rh1 Rhd8 25.Rhd1 Bf7 26.c3 Bb3 27.Bc2 Bc4 28.b3 Bf7 29.Re2 Kf8  1/2-1/2

[Event "1st WCGD"]
[Site "Dresden GER"]
[Date "2011.10.28"]
[Round "5"]
[White "Amarnath,I"]
[Black "Hoyer,Olaf"]
[Result "1/2-1/2"]
[WhiteElo "2044"]
[BlackElo "1916"]

1.e4 d5 2.exd5 Qxd5 3.Nc3 Qd6 4.Bc4 Nf6 5.Nge2 a6 6.d3 g6 7.Bf4 e5 8.Bg3 b5
9.Bb3 b4 10.Nb1 Nh5 11.Nd2 Bg7 12.Nc4 Qe7 13.Qd2 O-O 14.O-O Bb7 15.Qe3 Nc6
16.f3 Rfe8 17.Bf2 a5 18.Ba4 Red8 19.Rfe1 Qf6 20.Qe4 Qe6 21.Qe3 Qf6 22.Qe4 Qe6  1/2-1/2